000
00301nam a22001337a 4500
008
171009b xxu||||| |||| 00| 0 eng d
020
_a
2900072920962
041
_a
eng
080
_2
7 ED
_a
159.9
100
_a
49
101
_a
PSI
245
_a
THE LAST DANCE
_c
DESPELDER.L.A
942
_2
udc
_c
BK
999
_c
32443
_d
32443